EA sports Fifa 21 TOTY(team of the year) - Statistics

General Stats
  • This quiz has been taken 253 times
  • The average score is 10 of 11
Answer Stats
Club Player % Correct
PSG Kylian Mbappe
95%
Juventus Christiano Ronaldo
94%
Liverpool Virgil van Dijk
93%
Bayern Munich Manuel Neuer
90%
Bayern Munich Joshua Kimmich
89%
Manchester City Kelvin de Bruyne
89%
Bayern Munich Robert Lewandowski
89%
Liverpool Trent Alexander-Arnold
89%
Real Madrid Sergio Ramos
84%
Manchester United Bruno Fernandes
83%
Bayern Munich Alphonso Davies
79%
No matching quizzes found
Score Distribution
Percent of People with Each Score
Percentile by Number Answered
Your Score History
You have not taken this quiz